| 000 | 00501nam a22001697a 4500 | ||
|---|---|---|---|
| 005 | 20251108171935.0 | ||
| 008 | 250721s1989 xx 000 0 ara d | ||
| 082 | 1 | 4 | _a616.12/عبد |
| 100 | 1 | _aالجوادى، عبد الإله أحمد | |
| 245 | 1 | 0 | _aالمختصر في تخطيط الكهربائية للقلب / |
| 264 | 1 |
_aالموصل : _bجامعة الموصل، _c1989. |
|
| 300 | _a127ص | ||
| 650 | 1 | 7 | _aالقلب |
| 650 | 1 | 7 | _aالأمراض |
| 942 |
_2ddc _cBK |
||
| 999 |
_c66435 _d66435 |
||